| 000 | 00551nam a2200181 i 4500 | ||
|---|---|---|---|
| 001 | 30191 | ||
| 003 | ES-MaACL | ||
| 005 | 20250807063206.0 | ||
| 007 | t| | ||
| 008 | 030123s1973 sp ||||1| spa d | ||
| 100 | 1 |
_aBarral, Carlos, _d1928-1989 _9180413 |
|
| 245 | 1 | 0 |
_aUsuras y figuraciones _b: (Poesía 1952-1972) / _cCarlos Barral. |
| 250 | _a[3ª ed.]. | ||
| 260 |
_aLas Palmas de Gran Canaria : _bInventarios Provisionales, _c1973. |
||
| 300 |
_a206 p. ; _c20 cm. |
||
| 852 |
_aES-MaACL _jC-52811 _bR.86333 |
||
| 999 |
_c30191 _d30191 |
||